LEADER 01109nam0-22003851i-450- 001 990007889400403321 005 20160120085854.0 035 $a000788940 035 $aFED01000788940 035 $a(Aleph)000788940FED01 035 $a000788940 100 $a20090921d1977----km-y0itay50------ba 101 0 $aita 102 $aIT 105 $aa---a---001yy 200 1 $aBreve guida per il bibliotecario della biblioteca pubblica$fGuerriera Guerrieri 205 $a2. ed. riv. e corr. 210 $aNapoli$cGuida$d1977 215 $a242 p., 1 tav.$d21 cm 610 0 $aBiblioteconomia 610 0 $aBibliografie 610 0 $aMetodo storico e bibliografico 676 $a020.7 700 1$aGuerrieri,$bGuerriera$f<1902-1980>$04874 801 0$aIT$bUNINA$gRICA$2UNIMARC 901 $aBK 912 $a990007889400403321 952 $a020.7 GUE 2$bBibl.53364$fFLFBC 952 $a03-012$b10750$fFI1 952 $aXXX COD. 66$b6122$fFSPBC 959 $aFLFBC 959 $aFI1 959 $aFSPBC 996 $aBreve guida per il bibliotecario della biblioteca pubblica$9322339 997 $aUNINA